000 00657nam a2200229Ia 4500
003 OSt
005 20220924122204.0
006 a|||||r|||| 00| 0
007 ta
008 220923b |||||||| |||| 00| 0 per d
024 _a309318
037 _cTextual
040 _aARTS
_cARTS
_bper
041 _2per
_aper
082 _aO164,1G07w, 168K2
100 _aNomani Shibli
_999283
245 0 _aUrdu ka classiki adab
_b Sawanen maulana rum
260 _aLahore
_bMajlis e Tarraqi adab India
_c1962
650 _aPERSIAN LITERATURE
_9309
942 _hO164,1G07w, 168K2
_cTEXL
_2CC
999 _c410673
_d410673